Synthetic myosin filaments from vertebrate smooth muscle

Elmentve itt :
Bibliográfiai részletek
Szerző: Kaminer Benjamin
Dokumentumtípus: Cikk
Megjelent: 1969-01-28
Sorozat:Journal of Molecular Biology 39 No. 2
Online Access:http://misc.bibl.u-szeged.hu/73591
LEADER 00628nab a2200169 i 4500
001 misc73591
005 20241018102746.0
008 241018s1969 hu o 000 eng d
040 |a SZTE Miscellanea Repozitórium  |b hun 
041 |a eng 
100 1 |a Kaminer Benjamin 
245 1 0 |a Synthetic myosin filaments from vertebrate smooth muscle  |h [elektronikus dokumentum] /  |c  Kaminer Benjamin 
260 |c 1969-01-28 
300 |a 257-264 
490 0 |a Journal of Molecular Biology  |v 39 No. 2 
561 |a Szent-Györgyi Albert munkatársainak publikációi 
856 4 0 |u http://misc.bibl.u-szeged.hu/73591/1/szgya_amerikai_225.pdf  |z Dokumentum-elérés